1355 1499 1402 1974 1491 1547 1405 1650 1775 1911 1583 1760 1118 1686 1020 1813 1798 1228 1000 1032 1700 1135 1709 1158 1954 1150 1111 1468 1295 1160 1929 1691 1285 1925 1119 1776 1536 1926 1696 1728 1153 1184 1788 1495 1808 1398 1628 1462 1007 1197 1343 1947 1883 1123 1957 1227 1729 1376 1065 1600 1525 1610 1086 1065 1457 1220 1235 1680 1039 1697 1654 1106 1336 1901 1353 1275 1498 1031 1956 1677 1359 1214 1063 1712 1697 1099 1333 1735 1689 1071 1135 1921 1232 1216 1049 1602 1790 1002 1710 BCNSPRNW ULIB Ver.6.0+V

เปลี่ยนเป็นภาษาไทย

Change to English
 แสดงรายละเอียดบรรณานุกรม
  กลับหน้าหลัก

Brief Record : Get Marc (ISO 2709) : E-mail record : QR code < ปิดหน้าต่าง
LEADER : 00000nam 2200000uu 4500
001    13399122132
003     ULIB
008    130102s2552||||th 000 0 tha d
020    9786119007185
099    นว.ท443พ
100 0  ทิตภากร
245 00 พยัคฆ์สาวเจ้าหัวใจชีค^cทิตภากร
260    ^bภัทรโยธิน อักษรศาสตร์^c2552
945    ^p249^l0^i028090
999    ^aกัณชพร
รายการนี้ยังไม่มีแท็ก
คุณยังไม่ได้ล็อกอิน คุณสามารถมีกิจกรรมร่วมกับเว็บไซต์ได้ แต่ต้องล็อกอินก่อน ::
  ล็อกอิน

รายการสื่อสารสนเทศ

ลำดับที่ ประเภท เลขเรียก/บาร์โค้ด สถานที่ สถานะ
1. นวนิยาย
นวนิยาย
นว.ท443พ  
  Barcode: 028090
ห้องสมุดวิทยาเขตสวรรค์ประชารักษ์
►นวนิยาย
บนชั้น
  ขอยืม

BibComment


ยังไม่เคยถูกคอมเมนท์

คอมเมนท์ทรัพยากรรายการนี้
  คอมเมนท์: พยัคฆ์สาวเจ้าหัวใ..


 Copyright 2026. Bcnsprnw @Library